书目信息 |
| 书名: | Search and rescue | |
| 作者: | Samantha Glen and Mary Pesaresi. | |
| 分册号: | ||
| 分册名: | 出版地: | New York : |
|
| 出版社: | Fawcett Crest | |
| 出版时间: | 1997. | |
| 页数: | 197 p. ; | |
| 开本: | 18 cm. | |
| 丛书名: | ||
| 中图分类号: | ||
| 科图分类号: | ||
| 其他分类号: | I712.075 | |
| 主题词: | ||
| 电子资源: | http://www.loc.gov/catdir/description/random046/96090774.html | |
| 000 | 01275cam a2200361 a 450 | |
| 001 | E0732260241 | |
| 005 | 20070513091520.84 | |
| 008 | 971219s1997 nyu 000 0beng | |
| 010 | @a96090774 | |
| 020 | @a044922578X. | |
| 035 | @A(DLC) 96090774 | |
| 040 | @aDLC@cDLC@dDLC | |
| 043 | @an-us-va | |
| 050 | 00 | @aSF422.82.B37@bG54 1997 |
| 090 | @aI712.075 | |
| 099 | @dI712.075@ex276 | |
| 100 | 1 | @aGlen, Samantha. |
| 245 | 10 | @aSearch and rescue / @cSamantha Glen and Mary Pesaresi. |
| 246 | 0 | @iSubtitle on cover:@aA woman and her dogs brave danger and disaster to save lives |
| 250 | @a1st ed. | |
| 260 | @aNew York :@bFawcett Crest,@c1997. | |
| 300 | @a197 p. ;@c18 cm. | |
| 600 | 10 | @aBarkley, Beth. |
| 650 | 0 | @aDog trainers@zVirginia@zFairfax County@xBiography. |
| 650 | 0 | @aRescue dogs@xAnecdotes. |
| 650 | 0 | @aSearch dogs@xAnecdotes. |
| 650 | 0 | @aSearch and rescue operations. |
| 700 | 1 | @aPesaresi, Mary B. |
| 856 | 42 | @3 Publisher description@uhttp://www.loc.gov/catdir/description/random046/96090774.html |
| 906 | @a7@bcbc@corignew@d2@eopcn@f19@gy-gencatlg | |
| 922 | @aco | |
| 955 | @ajk27 (desc) 12-23-97; jb00 01-29-98; jb10 02-12-98; je10 02-19-98 | |
| 991 | @bc-GenColl@hSF422.82.B37@iG54 1997@p00054403835@tCopy 1@wBOOKS | |
| Search and rescue / / Samantha Glen and Mary Pesaresi.-1st ed.-New York : : Fawcett Crest, , 1997. |
| 197 p. ; ; 18 cm. |
| ISBN 044922578X. |
| ● |
| 相关链接 |
|
|
|
|
正题名:Search and rescue
索取号:I712.075/x276
 
预约/预借
| 序号 | 登录号 | 条形码 | 馆藏地/架位号 | 状态 | 备注 |
| 1 | 0008463 | 300084637 | 第二样本阅览室/ [索取号:I712.075/x276] | 在馆 |